000 01365nam a2200337 i 4500
001 000015711
003 DO-SdBNP
005 20250626140657.0
007 ta
008 100217s2001 dr 000 0 spa d
020 _a9993422258
040 _aDO-SdBNP
_bspa
_cBNPHU
_erda
082 4 _a972.93
_bC957h, 2001
_222
100 1 _aCruz Sánchez, Filiberto,
_913112
_eautor
_4aut.
245 1 0 _aHistoria de República Dominicana /
_cFiliberto Cruz Sánchez.
264 _aSanto Domingo :
_bEditora El Nuevo Diario,
_c2001.
300 _avolumenes :
_bilustraciones, mapas, retratos ;
_c28 cm.
336 _atexto
_btxt
_2rdacontent
337 _asin mediación
_bn
_2rdamedia
338 _avolumen
_bnc
_2rdacarrier
500 _aLa biblioteca posee el v. 1
590 _aInventariado, 2024/BT
651 4 _aRepública Dominicana
_xHistoria
_xEstudio y enseñanza
_99647
651 0 _aRepública Dominicana --
_xHistoria --
_yDescubrimiento y conquista, 1492-1503
_9255
651 4 _aRepública Dominicana
_xHistoria
_yOcupación haitiana
_913256
651 4 _aRepública Dominicana --
_xHistoria --
_yPrimera República 1844-1861
_932929
651 0 _aRepública Dominicana
_xHistoria
_yAnexión a España,1861-1863
_932930
651 4 _aRepúblca Dominicana
_xHistoria
_yRestauración1863-1865
_9896
910 _aValidado. Control de calidad MFF
942 _2ddc
_cLBS1
999 _c15263
_d15263